| 000 | 00912cam a2200229 4500 | ||
|---|---|---|---|
| 001 | WS121970 | ||
| 008 | 030414n 000 0 eng u | ||
| 035 | _a(Sirsi) u121970 | ||
| 110 |
_aEuropean Confederation of Property Managers _94425 |
||
| 245 | _aEuropean Confederation of Property Managers | ||
| 520 | _aWeb site for this non-profit organisation which aims to study European laws and regulations relating to real estate ownership, management and administration. Includes their code of conduct and Charter of Quality Care. Site in English and French. | ||
| 650 | _aEUROPE | ||
| 650 | _aINTERNATIONAL | ||
| 650 | _aLEGISLATION | ||
| 650 | _aREGULATIONS | ||
| 650 | _aCODE OF CONDUCT | ||
| 650 | _aCUSTOMER CARE | ||
| 650 | _aNEGOTIATION | ||
| 690 |
_aPROPERTY MANAGEMENT _96262 |
||
| 856 | 4 | 0 |
_uhttps://www.cepi.be/ceab/ceabindx.html _zView the website free of charge at www.cepi.be... |
| 942 | _n0 | ||
| 999 |
_c120255 _d120255 |
||